| 000 | 00707nam a2200229 4500 | ||
|---|---|---|---|
| 003 | OSt | ||
| 005 | 20240725060937.0 | ||
| 006 | a | ||
| 008 | 240725b |||||||| |||| 00| 0 eng d | ||
| 020 | _a9788178299310 | ||
| 040 |
_aDWCL-Main lib. _cOC |
||
| 082 | _aCirc. 351 M969i 2009 | ||
| 100 | _aMunshi, Surendra | ||
| 245 | _aThe intelligent person’s guide to good governance / | ||
| 300 |
_ax, _b195 p. ; _c20 cm. |
||
| 504 | _aIncludes bibliographical references & index. | ||
| 650 | _a1. India-Economic policy-1991. | ||
| 650 | _a2. Democratization-India. | ||
| 650 | _a3. Public administration-India. | ||
| 650 | _a4. Developing countries-Economic policy. | ||
| 942 |
_2ddc _n0 _cBK-CIRC _kCirc. |
||
| 999 |
_c2731 _d2731 |
||